Welcome to CU Library Online Public Access Catalogue (OPAC)

Hospital patient assessment : (Record no. 2972)

MARC details
000 -LEADER
fixed length control field 00739cam a22002294a 4500
001 - CONTROL NUMBER
control field 12961315
005 - DATE AND TIME OF LATEST TRANSACTION
control field 20250124102628.0
008 - FIXED-LENGTH DATA ELEMENTS--GENERAL INFORMATION
fixed length control field 021008s2003 ilua b 001 0 eng
020 ## - INTERNATIONAL STANDARD BOOK NUMBER
International Standard Book Number 0866887806
050 00 - LIBRARY OF CONGRESS CALL NUMBER
Classification number RA965.6
Item number .H67 2003
082 00 - DEWEY DECIMAL CLASSIFICATION NUMBER
Classification number 362.1/1
Edition information 21
245 00 - TITLE STATEMENT
Title Hospital patient assessment :
Remainder of title meeting the challenges.
260 ## - PUBLICATION, DISTRIBUTION, ETC.
Place of publication, distribution, etc. Oakbrook Terrace, Ill. :
Name of publisher, distributor, etc. Joint Commission Resources,
Date of publication, distribution, etc. c2003.
300 ## - PHYSICAL DESCRIPTION
Extent 177 p. :
Other physical details ill. ;
Dimensions 28 cm.
650 #0 - SUBJECT ADDED ENTRY--TOPICAL TERM
Topical term or geographic name entry element Hospital patients
General subdivision Care.
650 #0 - SUBJECT ADDED ENTRY--TOPICAL TERM
Topical term or geographic name entry element Hospital care
General subdivision Standards.
650 #0 - SUBJECT ADDED ENTRY--TOPICAL TERM
Topical term or geographic name entry element Medical history taking.
650 #0 - SUBJECT ADDED ENTRY--TOPICAL TERM
Topical term or geographic name entry element Diagnosis.
650 #0 - SUBJECT ADDED ENTRY--TOPICAL TERM
Topical term or geographic name entry element Medical personnel and patient.
710 2# - ADDED ENTRY--CORPORATE NAME
Corporate name or jurisdiction name as entry element Joint Commission on Accreditation of Healthcare Organizations.
942 ## - ADDED ENTRY ELEMENTS (KOHA)
Source of classification or shelving scheme Library of Congress Classification
Koha item type Books
Suppress in OPAC No
999 ## -
-- 2972
-- 2972
Holdings
Withdrawn status Lost status Source of classification or shelving scheme Damaged status Not for loan Collection Home library Current library Shelving location Date acquired Total checkouts Full call number Barcode Date last seen Copy number Price effective from Koha item type
    Library of Congress Classification     Non-fiction Science Library (Miotso) Science Library (Miotso) General stacks 01/24/2025   RA965.6 .H67 HOS SLM00002345 01/24/2025 1 01/24/2025 Books
    Library of Congress Classification     Non-fiction Science Library (Miotso) Science Library (Miotso) General stacks 01/24/2025   RA965.6 .H67 HOS SLM00002346 01/24/2025 2 01/24/2025 Books
    Library of Congress Classification     Non-fiction Science Library (Miotso) Science Library (Miotso) General stacks 01/24/2025   RA965.6 .H67 HOS SLM00002347 01/24/2025 3 01/24/2025 Books
    Library of Congress Classification     Non-fiction Science Library (Miotso) Science Library (Miotso) General stacks 01/24/2025   RA965.6 .H67 HOS SLM00002348 01/24/2025 4 01/24/2025 Books
    Library of Congress Classification     Non-fiction Science Library (Miotso) Science Library (Miotso) General stacks 01/24/2025   RA965.6 .H67 HOS SLM00002349 01/24/2025 5 01/24/2025 Books
    Library of Congress Classification     Non-fiction Science Library (Miotso) Science Library (Miotso) General stacks 01/24/2025   RA965.6 .H67 HOS SLM00002350 01/24/2025 6 01/24/2025 Books
    Library of Congress Classification     Non-fiction Science Library (Miotso) Science Library (Miotso) General stacks 01/24/2025   RA965.6 .H67 HOS SLM00002430 01/24/2025 7 01/24/2025 Books
© 2023-2024 Copyright: Central University Libraries. All Rights Reserved | Created by: Mahone Tech Office